| 000 | 00402nam a22001697a 4500 | ||
|---|---|---|---|
| 005 | 20180221142702.0 | ||
| 008 | 160621b xxu||||| |||| 00| 0 eng d | ||
| 020 | _a0-7494-1592-6 | ||
| 041 | _aeng | ||
| 082 |
_b8786 _a174.4 |
||
| 100 |
_aMurray, David _92105 |
||
| 245 | _aEthics in Organizations | ||
| 260 |
_bCoopers and lybrard _c1997 |
||
| 300 | _a230 | ||
| 650 |
_aManagement _9241 |
||
| 942 | _cBK | ||
| 999 |
_c3418 _d3417 |
||